| 000 | 01865cam a2200313 4500 | ||
|---|---|---|---|
| 001 | L57556 | ||
| 002 | ##8791 | ||
| 008 | 050825n2005 000 0 eng u | ||
| 020 | _a9781847039576 | ||
| 035 | _a(Sirsi) u157556 | ||
| 041 | 0 | _aeng | |
| 050 | 0 | 4 | _a692.8 $2 18 |
| 110 | 2 |
_aJoint Contracts Tribunal _93664 |
|
| 240 | 0 | 0 | _aIC/G 05 |
| 245 | 0 | 0 |
_aIC/G _bIntermediate Building Contract Guide 2005, revision 2 2009 |
| 260 |
_aLondon _bSweet and Maxwell _c2005 |
||
| 300 |
_aii, 24p. _c30cm. |
||
| 350 | _a15.95 | ||
| 490 | _aJCT Intermediate Building Contract Guide (2005 Edition) Revision 2009 | ||
| 505 | 2 | _aPart 1: changes from the Intermediate Form of Building Contract 1998 -- Characteristics -- Principle changes -- Origins and destinations -- Additional publications | |
| 505 | 2 | _aPart 2: guide to the main provisions -- Attestation -- The contract documents and priced document -- Contractor's design obligations -- CDM regulations -- Possession -- Construction information -- Extensions of time -- Defects and deductions -- Testing -- Payment -- Fluctuations -- Variations and provisional sums -- Insurance, terrorism cover and joint fire code -- Collateral warranties -- Termination -- Settlement of disputes -- Names subcontractors | |
| 520 | _aProvides a guide to both the JCT Intermediate Building Contract (2005 Edition) and the JCT Intermediate Building Contract With Contractor's Design (2005 Edition). | ||
| 520 | _aSupersedes JCT Intermediate Form of Building Contract 1998 Guidance Note (J121066). | ||
| 650 | 2 | 4 | _aJCT INTERMEDIATE BUILDING CONTRACT (2005 EDITION) |
| 650 | 2 | 4 | _aJCT INTERMEDIATE BUILDING CONTRACT WITH CONTRACTOR'S DESIGN (2005 EDITION) |
| 651 | 4 |
_aUnited Kingdom _y |
|
| 690 | _aBUILT ENVIRONMENT-BUILDING CONTRACT FORMS-STANDARD FORMS OF BUILDING CONTRACT-JOINT CONTRACTS TRIBUNAL CONTRACTS | ||
| 942 | _n0 | ||
| 999 |
_c114836 _d114836 |
||